|
|
|
|
| LEADER |
00000nam0a2200000 4500 |
| 001 |
326131 |
| 005 |
20231102003830.0 |
| 035 |
|
|
|a (RuTPU)RU\TPU\book\351766
|
| 090 |
|
|
|a 326131
|
| 100 |
|
|
|a 20161219d1986 k y0rusy50 ca
|
| 101 |
0 |
|
|a rus
|
| 102 |
|
|
|a RU
|
| 105 |
|
|
|a a dm 001zy
|
| 200 |
1 |
|
|a Разработка зернистых фильтров и методики их расчета на основы исследования гидродинамики и эффективности очистки воздуха от промышленных пылей в условиях Усольского ПО "Химпром"
|e автореферат диссертации на соискание ученой степени кандидата технических наук
|e спец. 05.17.08
|f Н. М. Самохвалов
|g Томский политехнический институт (ТПИ) ; Иркутский политехнический институт (ИрПИ) ; науч. рук. Б. А. Ульянов
|
| 210 |
|
|
|a Томск
|c [Б. и.]
|d 1986
|
| 215 |
|
|
|a 21 с.
|c ил.
|
| 300 |
|
|
|a Защита сост. 19.11.1986 г.
|
| 320 |
|
|
|a Библиогр.: с. 20-21
|
| 371 |
0 |
|
|a For_staff_use
|
| 606 |
1 |
|
|a Фильтры для газоочистки, зернистые
|2 stltpush
|3 (RuTPU)RU\TPU\subj\61110
|9 78318
|
| 610 |
1 |
|
|a конструкции
|
| 610 |
1 |
|
|a лабораторные установки
|
| 610 |
1 |
|
|a атмосферный воздух
|
| 610 |
1 |
|
|a фильтрование
|
| 610 |
1 |
|
|a зернистые материалы
|
| 610 |
1 |
|
|a пыль
|
| 610 |
1 |
|
|a улавливание
|
| 610 |
1 |
|
|a зернистые среды
|
| 610 |
1 |
|
|a запыленность
|
| 610 |
1 |
|
|a очистка
|
| 610 |
1 |
|
|a авторефераты диссертаций
|
| 675 |
|
|
|a 66.074(04)
|v 4
|
| 686 |
|
|
|a 05.17.08
|2 oksvnk
|
| 700 |
|
1 |
|a Самохвалов
|b Н. М.
|g Николай Митрофанович
|
| 702 |
|
1 |
|a Ульянов
|b Б. А.
|4 727
|
| 712 |
0 |
2 |
|a Томский политехнический институт (ТПИ)
|c (1944-1991)
|2 stltpush
|3 (RuTPU)RU\TPU\col\1123
|
| 712 |
0 |
2 |
|a Иркутский политехнический институт (ИрПИ)
|c (1960-1993)
|2 stltpush
|3 (RuTPU)RU\TPU\col\233
|
| 801 |
|
1 |
|a RU
|b 63413507
|c 20161219
|
| 801 |
|
2 |
|a RU
|b 63413507
|c 20190201
|g RCR
|
| 942 |
|
|
|c BK
|